000 00434nam a2200181Ia 4500
001 14389
005 20260306164910.0
008 260306t2011||||xx |||||||||||||| ||spa||
041 _aESP
082 _a512.5
_bP666
100 _aPoole, David
_eAUT
245 0 _aÁlgebra lineal:
_buna introducción moderna
260 _c2011
300 _a726 páginas :
_c27 cm.
650 _aGEN
654 _aCMA
942 _cLIB
_dJUS
_fJUS
_2ddc
_n
999 _c14389
_d14389